Professional communication (Record no. 84313)
[ view plain ]
| 000 -LEADER | |
|---|---|
| fixed length control field | 01236nam a2200289 a 4500 |
| 100 1# - MAIN ENTRY--AUTHOR NAME | |
| Personal name | Shukla, Shikha. |
| 245 10 - TITLE STATEMENT | |
| Title | Professional communication |
| 250 ## - EDITION STATEMENT | |
| Edition statement | 1st ed. |
| 260 ## - PUBLICATION, DISTRIBUTION, ETC. (IMPRINT) | |
| Place of publication | Lucknow, India : |
| Name of publisher | Word-press, |
| Year of publication | 2010. |
| 300 ## - PHYSICAL DESCRIPTION | |
| Number of Pages | 235 p. |
| 500 ## - GENERAL NOTE | |
| General note | Includes index. |
| 505 0# - FORMATTED CONTENTS NOTE | |
| Formatted contents note | unit 1. Basics of technical communication -- unit 2. Constituents of technical written communication -- unit 3. Forms of technical communication -- unit 4. Presentation : strategies -- unit 5. Value based essays. |
| 650 #0 - SUBJECT ADDED ENTRY--TOPICAL TERM | |
| Topical Term | Communication in management. |
| 856 40 - ELECTRONIC LOCATION AND ACCESS | |
| Uniform Resource Identifier | http://site.ebrary.com/lib/rucke/Doc?id=10416604 |
No items available.
